Elenca la formazione - Quiz n°225 - Statistics

Statistiche generali
  • Questo quiz è stato fatto 46 volte
  • Il punteggio medio è 8 su 11
Statistiche sulle risposte
Ruolo Club dell'epoca Calciatore % Corretto
Portiere Bayern Monaco Manuel Neuer
98%
Difensore Borussia Dortmund Mats Hummels
93%
Difensore Bayern Monaco Philipp Lahm
93%
Ala Bayern Monaco Toni Kroos
88%
Difensore Bayern Monaco Jérôme Boateng
86%
Trequartista Real Madrid Mesut Özil
86%
Centrocampista Real Madrid Sami Khedira
79%
Attaccante Bayern Monaco Mario Gómez
70%
Centrocampista Bayern Monaco Bastian Schweinsteiger
60%
Ala Colonia Lukas Podolski
47%
Difensore Bayern Monaco Holger Badstuber
28%
Nessun quiz corrispondente trovato
Distribuzione punteggi
Percentuale di utenti per punteggio
Percentile per numero di risposta
I tuoi punteggi nel tempo
Non hai fatto questo quiz